Achtungserfolge und Sternstunden: Die Dramen von Peter Hacks auf tschechischen Bühnen (1960-1999)
| Titel: | Achtungserfolge und Sternstunden: Die Dramen von Peter Hacks auf tschechischen Bühnen (1960-1999) / Brigitte Schultze |
|---|---|
| Verfasser: | |
| In: |
Zeitschrift für Slawistik, Band 61, Heft 2 (2016), Seite 262-286 alle Artikel anzeigen |
| Veröffentlicht: | 2016 |
| Format: | Aufsatz |
| Sprache: | Deutsch |
X
alg: 42656245 001A $03025:20-02-18 001B $06050:24-06-21 $t10:06:06.000 001C $03025:20-02-18 $t16:33:55.000 001D $03025:20-02-18 001U $0utf8 001X $00 002@ $0Oou 002C $aText $btxt $2rdacontent 002D $aComputermedien $bc $2rdamedia 002E $aOnline-Ressource $bcr $2rdacarrier 003@ $0426562453 004P $010.1515/slaw-2016-0014 007A $0426562453 $aHEB 010@ $ager 010E $erda 011@ $a2016 021A $aAchtungserfolge und Sternstunden: Die Dramen von Peter Hacks auf tschechischen Bühnen (1960-1999) $hBrigitte Schultze 028A $BVerfasser $4aut $7128527692 $8Schultze, Brigitte$Z1940- [Tp1] $913362935X 031A $d61 $e2 $h262-286 $j2016 037A $aEnglische Zusammenfassung, Seite 262 039B $aEnthalten in $8--Obvc--. Zeitschrift für Slawistik. - Berlin : De Gruyter, 1956-. - Online-Ressource. - ISSN 2196-7016 $x201600000610002738 $9201613530 044K $#Pasiphae $#Chaks, Peter $#Hachs, Peter $#Hackens, Peter $#Hacks-Schmögner, ... $#학스, 페터 $7118544330 $8Hacks, Peter$Z1928-2003 [Tp1] $9086885367 044K $RTheaterwissenschaft $#Theater $#Théâtre $#Theaters $#Théâtres $#Theaterleben $#Theaterkultur $74059702-7 $8Theater [Ts1] $908516612X 044K $RÜbersetzungswissenschaft $#Translating $#Translations $#Traduction $#Traductions $#Traduzioni $#Traducciones $#Übersetzung $#Übersetzung $#Sprachübersetzung $#Translation Übersetzung $#Textübersetzung $#Übersetzen $#Übertragung Übersetzung $#Sprachmitteln Übersetzung $#Sprachmittlung Übersetzung $74061418-9 $8Übersetzung [Tsz] $9085170585 044K $RKultur $#Ethnic relations $#Cultural relations $#Relations interethniques $#Relations culturelles $#Relaciones étnicas $#Relaciones culturales $#Interkulturelle Beziehungen $#kulturelle Beziehungen $#Kulturelle Beziehungen $#Kulturbeziehung $74033552-5 $8Kulturbeziehungen [Ts1] $9085089621 045R $aGeschichte 1960-1999 045T $a7,41 045T $aSLAW $qDE-1a $2FID lok: 42656245 78 exp: 42656245 78 1 #EPN 201B/01 $015-11-23 $t07:39:18.000 201C/01 $020-02-18 201U/01 $0utf8 203@/01 $01018353933 208@/01 $a20-02-18 $be 209A/01 $a/ $f000 $x00 209A/01 $ab*p $x01 220C/01 $apgar 244Z/01 $#Böhmische Kronländer $#Länder der Böhmischen Krone $#Sudetenland $#Böhmen $#Mähren $#Mährisch-Schlesien $#Österreichisch-Schlesien $#Tschechische Sozialistische Republik Böhmische Länder $#Tschechei Böhmische Länder $#Země koruny české $74069573-6 $8--Tg1--Böhmische Länder $x01 $9085195553 244Z/01 $#Tschechoslowakei $#Tschechoslowakei $#Tschechische und Slowakische Föderative Republik $#République Tchéco-Slovaque $#Tchécoslovaquie $#Československá Federativní Republika $#Česká a Slovenská Federativní Republika $#Czech and Slovak Federal Republic $#ČSFR $#ČSSR $#ČSR $#RČS $#Československo $#Československá Socialistická Republika $#Československá Republika $#Tschechoslowakische Sozialistische Republik $#Tschechoslowakische Republik $#Tschechoslowakische Föderative Republik $#Republika Československá $#Czechoslovakia $#Čechoslovakische Republik $#République Tchécho-Slovaque $#Tchéchoslovaquie $#Czechoslovak Socialist Republic $#Checoeslovaquia $#Cecoslovacchia $#Čechoslovakija $#République tchécoslovaque $74078435-6 $8--Tg1--Tschechoslowakei $x02 $9085222305 244Z/01 $#Schlesien $#Schlesien $#Herzogtum Schlesien $#Herzogtum Schlesien Schlesien $#Provinz Schlesien $#Śla̜sk $#Slezsko $#Silesia $74052678-1 $8--Tg1--Schlesien $x03 $9085146781 247C/01 $82080>Marburg/Lahn, Herder-Institut, Forschungsbibliothek, Bibliographieportal $9336309341
| LEADER | 00000caa a2200000 c 4500 | ||
|---|---|---|---|
| 001 | 426562453 | ||
| 003 | DE-603 | ||
| 005 | 20210624100606.0 | ||
| 007 | cr|||||||||||| | ||
| 008 | 180220s2016 xx |||| o| u00||u|ger c | ||
| 024 | 7 | |a 10.1515/slaw-2016-0014 |2 doi | |
| 035 | |a (DE-599)HEB426562453 | ||
| 040 | |a DE-603 |b ger |c DE-603 |d DE-603 |e rda | ||
| 041 | |a ger | ||
| 084 | |a 7,41 |2 ssgn | ||
| 084 | |a SLAW |q DE-1a |2 fid | ||
| 100 | 1 | |a Schultze, Brigitte |d 1940- |e Verfasser |4 aut |0 (DE-603)13362935X |0 (DE-588)128527692 |2 gnd | |
| 245 | 0 | 0 | |a Achtungserfolge und Sternstunden: Die Dramen von Peter Hacks auf tschechischen Bühnen (1960-1999) |c Brigitte Schultze |
| 264 | 0 | |c 2016 | |
| 336 | |a Text |b txt |2 rdacontent | ||
| 337 | |a Computermedien |b c |2 rdamedia | ||
| 338 | |a Online-Ressource |b cr |2 rdacarrier | ||
| 500 | |a Englische Zusammenfassung, Seite 262 | ||
| 600 | 1 | 7 | |a Hacks, Peter |d 1928-2003 |0 (DE-588)118544330 |0 (DE-603)086885367 |2 gnd |
| 648 | 7 | |a Geschichte 1960-1999 |2 gnd | |
| 650 | 7 | |a Theater |0 (DE-588)4059702-7 |0 (DE-603)08516612X |2 gnd | |
| 650 | 7 | |a Übersetzung |0 (DE-588)4061418-9 |0 (DE-603)085170585 |2 gnd | |
| 650 | 7 | |a Kulturbeziehungen |0 (DE-588)4033552-5 |0 (DE-603)085089621 |2 gnd | |
| 773 | 0 | 8 | |i Enthalten in |t Zeitschrift für Slawistik |d Berlin : De Gruyter, 1956- |h Online-Ressource |x 2196-7016 |g Band 61, Heft 2 (2016), Seite 262-286 |w (DE-603)201613530 |w (DE-600)2434774-7 |
| 924 | 1 | |9 2080 |a (DE-603)1018353933 |b DE-2080 |c HES |d d |g / | |


